[Event "Muensterland Verbandsklasse-B 0708"]
[Site "Germany"]
[Date "2007.11.17"]
[Round "3.8"]
[White "Luediger, Felix"]
[Black "Raum, Sven"]
[Result "1-0"]
[WhiteElo "1653"]
[BlackElo "1668"]
[PlyCount "41"]
[EventDate "2007.09.15"]
[EventType "team"]
[EventRounds "9"]
[EventCountry "GER"]
[SourceTitle "EXT 2009"]
[Source "ChessBase"]
[SourceDate "2008.11.26"]
[SourceVersion "1"]
[SourceVersionDate "2008.11.26"]
[SourceQuality "1"]
[WhiteTeam "Suedlohn II"]
[BlackTeam "Muenster SK V"]
[WhiteTeamCountry "GER"]
[BlackTeamCountry "GER"]

1. e4 e6 2. d4 d5 3. Nc3 Nf6 4. e5 Nfd7 5. f4 c5 6. Nf3 Nc6 7. Be3 cxd4 8. Nxd4 Bc5 9. Bb5 0-0 10. Nxc6 bxc6 11. Bxc5 Nxc5 12. Qd4 Qb6 13. b4 Nb3 14. Qxb6 axb6 15. cxb3 cxb5 16. Nxb5 Bd7 17. Nd6 b5 18. 0-0 Ra6 19. Rf2 Rxd6 20. exd6 Rc8 21. a4 1-0